00173nam a22000857a 4500100001000000245004300010250000900053260001800062300000700080 aVicky aMy Big Picture Book of animals & birds a2014 bQuixol - Pub. a32